00838cam a2200205 a 4500003000900000005001700009008004100026040002800067041000800095100002100103245011600124246004500240260004000285300004300325502010000368700004600468700004100514700004400555856003300599EG-GiCUC20250223030342.0110126s1996 ua dh f m 000 0 eng d aEG-GiCUCbengcEG-GiCUC0 aeng0 aAnwar Zaki Ahmed10aSolid waste incineration / cAnwar Zaki Ahmed ; Supervised M. F. Chalaby , Sh. T. Elsheltawy , I. D. Abdelrazek15aترميد النفايات الصلبة aCairo : bAnwar Zaki Ahmed , c1996 a166P. : bcharts , facsimiles ; c25cm aThesis (M.Sc.) - Cairo University - Faculty of Engineering - Department of Chemical Engineering0 aIbrahim Dakhley Abdelrazek , eSupervisor0 aMohamed Fekry Chalaby , eSupervisor0 aShakenaz Taha Elsheltawy , eSupervisor uhttp://172.23.153.220/th.pdf